书目信息 |
| 题名: |
初等数论
|
|
| 作者: | ;韩涛 编著 ;郑州一起学教育科技有限公司 主编 | |
| 分册: | ||
| 出版信息: | 北京 电子工业出版社 2019.6 |
|
| 页数: | 88页 | |
| 开本: | 21cm | |
| 丛书名: | ||
| 单 册: | ||
| 中图分类: | O156.1 | |
| 科图分类: | ||
| 主题词: | 初等数论 | |
| 电子资源: | ||
| ISBN: | 978-7-121-36681-9 | |
| 000 | 01008nam0 2200265 45 | |
| 001 | 012001000918 | |
| 005 | 20130912095230.0 | |
| 010 | @a978-7-121-36681-9@dCNY19.00 | |
| 100 | @a20190807d2019 em y0chiy50 ea | |
| 101 | 0 | @achi |
| 102 | @aCN@b110000 | |
| 105 | @ay z 000yy | |
| 106 | @ar | |
| 200 | 1 | @a初等数论@Achu deng shu lun@b专著@e若干核心思想方法例析@f郑州一起学教育科技有限公司主编@g韩涛编著 |
| 210 | @a北京@c电子工业出版社@d2019.6 | |
| 215 | @a88页@d21cm | |
| 300 | @a其他题名:若干核心思想方法例析 | |
| 330 | @a本书共分10讲,分别为整数的离散性、排序思想、两边夹、质因数分析与因数分析、因数的共轭性、关注数字和、因式分解、选取合适的模、逐级满足、化大为小。 | |
| 517 | 1 | @a若干核心思想方法例析@Aruo gan he xin si xiang fang fa li xi |
| 606 | 0 | @a初等数论 |
| 690 | @aO156.1@v5 | |
| 702 | 0 | @a韩涛@Ahan tao@4编著 |
| 711 | 02 | @a郑州一起学教育科技有限公司@Azheng zhou yi qi xue jiao yu ke ji you xian gong si@4主编 |
| 801 | 0 | @aCN@bBJSDL@c20211011 |
| 905 | @b1336188-91@dO156.1@e145@f4 | |
| 初等数论:若干核心思想方法例析/郑州一起学教育科技有限公司主编/韩涛编著.-北京:电子工业出版社,2019.6 |
| 88页;21cm |
| 其他题名:若干核心思想方法例析 |
| ISBN 978-7-121-36681-9:CNY19.00 |
| 本书共分10讲,分别为整数的离散性、排序思想、两边夹、质因数分析与因数分析、因数的共轭性、关注数字和、因式分解、选取合适的模、逐级满足、化大为小。 |
| ● |
| 相关链接 |
|
|
|
|
正题名:初等数论
索取号:O156.1/145
 
预约/预借
| 序号 | 登录号 | 条形码 | 馆藏地/架位号 | 状态 | 备注 |
| 1 | 1336188 | 213361887 | 第二样本阅览室/ [索取号:O156.1/145] | 在馆 | |
| 2 | 1336189 | 213361896 | 第三借阅区/ [索取号:O156.1/145] | 在馆 | |
| 3 | 1336190 | 213361903 | 第三借阅区/ [索取号:O156.1/145] | 在馆 | |
| 4 | 1336191 | 213361912 | 第三借阅区/ [索取号:O156.1/145] | 在馆 |